Estructuras hidráulicas
Gespeichert in:
| Hauptverfasser: | , , |
|---|---|
| Format: | Buch |
| Sprache: | Spanisch |
| Veröffentlicht: |
Bogotá
McGraw Hill Interamericana
2001
|
| Schlagworte: | |
| Tags: |
Tag hinzufügen
Keine Tags, Fügen Sie den ersten Tag hinzu!
|
MARC
| LEADER | 00000nam a2200000 a 4500 | ||
|---|---|---|---|
| 001 | UCM6338 | ||
| 003 | CL-VaPUC | ||
| 008 | 021108e20010000CK |||||||||||||||||spa|d | ||
| 020 | |a 9584101897 | ||
| 082 | 0 | 4 | |a 627 |b NOV |2 21 |
| 100 | |a Novák, Pavel |e autor |9 472120 | ||
| 700 | 0 | |a Moffat, A. I. B |e author |9 472121 | |
| 700 | 0 | |a Nalluri, C |e author |9 472122 | |
| 245 | 1 | 0 | |a Estructuras hidráulicas |
| 300 | |a 599 p | ||
| 942 | |c BK | ||
| 945 | |d 20021108 00:00:00 |a vberengu | ||
| 260 | |a Bogotá |b McGraw Hill Interamericana |c 2001 | ||
| 650 | 0 | |a Ingeniería hidráulica |9 260281 | |
| 650 | 7 | |a EQUIPO HIDRAULICO |2 CL-VaPUC |9 472123 | |
| 650 | 7 | |a CANALES DE DESAGUE |2 CL-VaPUC |9 472124 | |
| 583 | |a last modification |c 20021108 00:00:00 |k Rodrigo Vera | ||
| 999 | |c 301749 |d 301747 | ||
| 952 | |0 0 |1 0 |4 0 |6 627_000000000000000_NOV_2001 |7 0 |8 A |9 361311 |a BIBING |b BIBING |d 2019-11-21 |i 3856062 |o 627 NOV 2001 |p 3856062 |r 2025-01-20 |w 2019-11-21 |y BK |k CCL | ||
| 952 | |0 0 |1 0 |4 0 |6 627_000000000000000_NOV_2001 |7 0 |8 A |9 361312 |a BIBING |b BIBING |d 2019-11-21 |i 3856100 |l 1 |o 627 NOV 2001 |p 3856100 |r 2025-01-20 |s 2024-04-04 |w 2019-11-21 |y BK |k CCL | ||
| 952 | |0 0 |1 0 |4 0 |6 627_000000000000000_NOV_2001 |7 0 |8 A |9 361313 |a BIBING |b BIBING |d 2019-11-21 |i 3856070 |o 627 NOV 2001 |p 3856070 |r 2025-01-20 |w 2019-11-21 |y BK |k CCL | ||
| 952 | |0 0 |1 0 |4 0 |6 627_000000000000000_NOV_2001 |7 0 |8 A |9 361314 |a BIBING |b BIBING |d 2019-11-21 |i 3856089 |o 627 NOV 2001 |p 3856089 |r 2025-01-20 |w 2019-11-21 |y BK |k CCL | ||
| 952 | |0 0 |1 0 |4 0 |6 627_000000000000000_NOV_2001 |7 0 |8 A |9 361315 |a BIBING |b BIBING |d 2019-11-21 |i 4018257 |l 1 |o 627 NOV 2001 |p 4018257 |r 2025-01-20 |s 2022-03-15 |w 2019-11-21 |y BK |k CCL | ||
| 952 | |0 0 |1 0 |4 0 |6 627_000000000000000_NOV_2001 |7 0 |8 A |9 361316 |a BIBING |b BIBING |d 2019-11-21 |i 4018249 |o 627 NOV 2001 |p 4018249 |r 2025-01-20 |w 2019-11-21 |y BK |k CCL | ||
| 952 | |0 0 |1 0 |4 0 |6 627_000000000000000_NOV_2001 |7 0 |8 A |9 361317 |a BIBING |b BIBING |d 2019-11-21 |i 4018230 |o 627 NOV 2001 |p 4018230 |r 2025-01-20 |w 2019-11-21 |y BK |k CCL | ||
| 952 | |0 0 |1 0 |4 0 |6 627_000000000000000_NOV_2001 |7 0 |8 A |9 361318 |a BIBMEC |b BIBMEC |d 2019-11-21 |i 4294211 |o 627 NOV 2001 |p 4294211 |r 2024-01-19 |w 2019-11-21 |y BK |k MEC | ||